|
|
|
|
| LEADER |
01308nam a2200349 a 4500 |
| 001 |
000552734 |
| 003 |
CZ BrMZK |
| 005 |
20070704094205.0 |
| 007 |
ta |
| 008 |
000115s2001 xr f f cze d |
| 015 |
|
|
|a cnb000989262
|
| 020 |
|
|
|a 80-7261-038-4
|
| 035 |
|
|
|a (OCoLC)46962594
|
| 040 |
|
|
|a BOA001
|b cze
|
| 072 |
|
7 |
|a 316
|x Sociologie
|2 Konspekt
|9 18
|
| 080 |
|
|
|a 316:303
|2 MRF
|
| 080 |
|
|
|a (035)
|2 MRF
|
| 100 |
1 |
|
|a Surynek, Alois,
|d 1954-
|7 jo20000082636
|
| 245 |
1 |
0 |
|a Základy sociologického výzkumu /
|c Alois Surynek, Růžena Komárková, Eva Kašparová
|
| 250 |
|
|
|a Vyd. 1.
|
| 260 |
|
|
|a Praha :
|b Management Press,
|c 2001
|
| 300 |
|
|
|a 160 s. ;
|c 24 cm
|
| 500 |
|
|
|a Bibliogr.
|
| 650 |
0 |
7 |
|a sociologický výzkum
|7 ph125750
|2 czenas
|
| 655 |
|
7 |
|a příručky
|7 fd133209
|2 czenas
|
| 700 |
1 |
|
|a Komárková, Růžena,
|d 1944-
|7 jo20000082637
|
| 700 |
1 |
|
|a Kašparová, Eva,
|d 1958-
|7 jo20000082638
|
| 856 |
4 |
1 |
|u http://www.digitalniknihovna.cz/mzk/uuid/uuid:81a3f6a0-0044-11e4-89c6-005056827e51
|y Digitalizovaný dokument
|x NDK
|
| 910 |
|
|
|a BOA001
|b 2-1085.772
|
| 990 |
|
|
|a BK
|
| 996 |
6 |
|
|b 2610135266
|c 2-1085.772
|l MZK
|r Sklad / do 1 hodiny
|n 1
|p p.v.
|w 000552734
|u 000010
|a 1
|e BOA001
|j MZK50
|s P
|
| 996 |
7 |
|
|b 2610882189
|c 2-1085.772
|l MZK
|r Sklad / do 1 hodiny
|n 4
|p dar
|w 000552734
|u 000030
|a 1
|e BOA001
|j MZK50
|s A
|